Países que participaron en la Segunda Guerra Mundial - Estadísticas

Estadísticas generales
  • Esta prueba ha sido intentada 16.108 veces
    13.190 desde el último reinicio
  • La puntuación promedio es 17 de 24
Estadísticas de respuestas
Muertes País % Correcto
5,318,000 Alemania
99%
11,400,000 Unión Soviética
99%
407,300 Estados Unidos
98%
210,000 Francia
97%
2,300,000 Japón
96%
319,200 Italia
95%
383,700 Reino Unido
94%
3,750,000 China
90%
240,000 Polonia
90%
12,000 Bélgica
76%
42,000 Canadá
74%
18,200 Países Bajos
74%
35,100 Grecia
67%
300,000 Hungría
66%
39,700 Australia
60%
95,000 Finlandia
59%
300,000 Rumania
59%
446,000 Yugoslavia
54%
18,500 Bulgaria
53%
11,700 Nueva Zelanda
40%
34,000 Estonia
34%
25,000 Lituania
34%
30,000 Letonia
33%
11,900 Sudáfrica
26%
No se encontraron pruebas coincidentes
Distribución de puntuación
Porcentaje de gente con cada puntuación
Porcentaje por número respondido
Historial de tus puntuaciones
No has intentado esta prueba desde el último reinicio